|
|
|
|
| LEADER |
00000nam0a2200000 4500 |
| 001 |
379572 |
| 005 |
20240126144338.0 |
| 010 |
|
|
|a 978-5-17-074559-3
|
| 010 |
|
|
|a 978-5-271-38985-6
|
| 010 |
|
|
|a 978-5-4215-2843-2
|
| 035 |
|
|
|a (RuTPU)RU\TPU\retro\37039
|
| 090 |
|
|
|a 379572
|
| 100 |
|
|
|a 20231019d2012 m||y0rusy50 ca
|
| 101 |
1 |
|
|a rus
|c eng
|
| 102 |
|
|
|a RU
|
| 105 |
|
|
|a y z 000ay
|
| 181 |
|
0 |
|a i
|b e
|
| 182 |
|
0 |
|a n
|
| 183 |
|
0 |
|a nc
|2 RDAcarrier
|
| 200 |
1 |
|
|a Колыбель для кошки
|e роман
|f Курт Воннегут
|g пер. с англ. Р. Райт-Ковалевой
|
| 203 |
|
|
|a Текст
|b визуальный
|c непосредственный
|
| 210 |
|
|
|a Москва
|c АСТ
|c Астрель
|c Полиграфиздат
|d 2012
|
| 215 |
|
|
|a 222 с.
|
| 225 |
1 |
|
|a Зарубежная классика
|
| 283 |
|
|
|a volume
|2 RDAcarrier
|
| 330 |
|
|
|a Послушайте — когда-то, две жены тому назад, двести пятьдесят тысяч сигарет тому назад, три тысячи литров спиртного тому назад... Тогда, когда все были молоды... Послушайте - мир вращался, богатые изнывали от глупости и скуки, бедным оставалось только одно — быть свободными и умными. Правда была неправдоподобнее всякого вымысла. Женщины были злы и красивы, а мужчины - несчастны и полны глупых надежд. И крутилась, крутилась ЖИЗНЬ, запутывалась все сильнее — как дикая, странная игра по имени "Колыбель для кошки"...
|
| 606 |
1 |
|
|a Американская литература
|9 85825
|
| 610 |
1 |
|
|a художественная литература
|
| 610 |
1 |
|
|a американская классика
|
| 610 |
1 |
|
|a романы
|
| 610 |
1 |
|
|a зарубежная литература
|
| 675 |
|
|
|a 82
|v 4
|z rus
|
| 700 |
|
1 |
|a Воннегут
|b К.
|g Курт
|
| 702 |
|
1 |
|4 730
|a Райт-Ковалева
|b Р.
|
| 801 |
|
1 |
|a RU
|b 63413507
|c 20231019
|
| 942 |
|
|
|c BK
|